000 00736nam a2200229 a 4500
001 000024103
005 20250617111444.0
008 110118s1987 it a r 000 0 spa d
020 _z9253014272
040 _aDO-SdBNP
_bspa
_cBNPHU
082 _a658.8
_bA131Mm
100 1 _aAbbott, J. C.
_949515
245 1 0 _aMejora del mercadeo en el mundo en desarrollo /
_cJ. C. Abbott.
260 _aRoma, (Italia):
_aFAO,
_c1987.
300 _a251, [2] p. ;
_c22 cm.
490 1 _aFAO
_adesarrollo económico y social
_v37
650 0 _aMercadotecnia
_96644
650 4 _aAdministración de mercadeo
_922563
650 0 _aMercadotecnia
_xPlanificación
_949516
830 0 _aFAO ;
_pdesarrollo económico y social
_v37
_949517
049 _aBNGR
999 _c23598
_d23598